Tree flora of Sabah and Sarawak

Bibliographic Details
Corporate Authors: Forest Research Institute Malaysia (FRIM), Malaysia
Other Authors: Chung, R.C.K, Kiew, R, Saepadmo, E., Saw, L.G
Format: Book
Published: Kuala Lumpur : Institut Penyelidikan Perhutanan Malaysia , 2011
Subjects:

MARC

LEADER 00000cam a2200000 7i4500
001 0000003938
005 20111206.0
020 0 0 |a 9789675221446 (v.7) 
090 0 0 |a 581.160959521   |b TRE 2011 
245 0 0 |a Tree flora of Sabah and Sarawak   |c edited by E. Soepadmo..[et.all] 
260 0 0 |a Kuala Lumpur :   |b Institut Penyelidikan Perhutanan Malaysia ,   |c 2011 
300 |a x450 p. :   |b ill. ;   |c 26 cm. 
500 0 0 |a Includes index 
650 0 0 |a Trees---Sabah---Identification 
650 0 0 |a Trees---Sarawak---Identification 
700 0 1 |a Chung, R.C.K 
700 0 1 |a Kiew, R 
700 0 1 |a Saepadmo, E. 
700 0 1 |a Saw, L.G 
710 1 1 |a Forest Research Institute Malaysia (FRIM) 
710 1 1 |a Malaysia ,   |c Sabah Forestry Department 
710 1 1 |a Malaysia ,   |c Sarawak Forestry Department 
998 |a JPSM 
999 |a 007712   |b Monograph   |c Open Shelf   |e Default branch